| 000 | 00459nam a2200157Ia 4500 | ||
|---|---|---|---|
| 008 | 160105s9999 xx 000 0 und d | ||
| 020 | _a92-0-040079-5 | ||
| 245 | _aLe Robert et Collins pocket | ||
| 260 | _aParis | ||
| 260 | _bLe Robert | ||
| 260 | _c1992 | ||
| 500 | _aCote d'origine affectée par la BC : BC_650 98/B devien ZA_03, C versé en Poductions Animale | ||
| 942 | _c09 | ||
| 994 | _a107511 | ||
| 999 |
_c7444 _d35442 |
||